Statistics for Austrias biggest cities

Click here to take the quiz!

General Stats

  • This quiz has been taken 50 times
  • The average score is 10 of 20

Answer Stats

ResidentsAnswer% Correct
1.911.191Vienna
100%
155.021Salzburg
98%
291.072Graz
96%
206.595Linz
91%
131.961Innsbruck
84%
101.300Klagenfurt
71%
62.882Villach
58%
55.514St.Pölten
56%
29.698Bregenz
51%
45.277Wiener Neustadt
51%
62.470Wels
42%
38.193Steyr
31%
49.845Dornbirn
29%
34.192Feldkirch
29%
24.876Krems
24%
24.998Wolfsberg
24%
25.906Baden
22%
27.368Klosterneuburg
18%
24.650Traun
18%
28.795Leonding
13%

Score Distribution

Percentile by Number Answered

Percent of People with Each Score

Your Score History

You have not taken this quiz